000 00424nam a2200169 a 4500
001 0000-9372
003 ELIB.Books
008 110520 1963
035 _a(ELIB.Books)0000-9524
082 _a232.954
_bSoc
100 _aSockman, Ralph W.
245 _aWhom Christ Commender
260 _bNew York: Abingdon Press
_c1963
650 _aJesus Christ
942 _2ddc
_cBK
998 _cbat
_e2011-05-20
999 _c9372
_d9372